=LDR 00000nam 2200000 4500 =001 INLIS000000000809963 =990 ##$$a 00000001917 =005 20250910095758 =035 ##$$a 0010-0925000088 =245 ##$$a Keanekaragaman Kekayaan Laut dan Samudera Kita /$c - =250 ##$$a - =260 ##$$a Bandung :$b Cempaka Putih,$c 2011 =020 ##$$a 9789796624782 =082 ##$$a 551.6 =084 ##$$a 551.6 NUN k